MARC

LEADER 00000nam0a2200000 4500
001 356765
005 20231102010926.0
035 |a (RuTPU)RU\TPU\retro\14025 
090 |a 356765 
100 |a 20200723d1977 m y0rusy50 ca 
101 0 |a rus 
102 |a RU 
105 |a a z 000zy 
200 1 |a Монолог современника  |f сост. Б. Яковлев 
210 |a Москва  |c Политиздат  |d 1977 
215 |a 276 с.  |c ил. 
606 1 |a Советсткий образ жизни  |2 stltpush  |3 (RuTPU)RU\TPU\subj\55417  |9 73451 
610 1 |a советские люди 
610 1 |a характер 
610 1 |a личность 
610 1 |a формирование 
610 1 |a политические отношения 
610 1 |a нравственные нормы 
610 1 |a 20 век 
610 1 |a очерки 
686 |a Ф3(2)61  |v LBC/SL-A  |2 rubbk 
702 1 |a Яковлев  |b Б.  |4 220 
801 1 |a RU  |b 63413507  |c 20200723 
801 2 |a RU  |b 63413507  |c 20210201  |g RCR 
942 |c BK